| 000 | 00487nam a2200181 4500 | ||
|---|---|---|---|
| 001 | VA26222 | ||
| 003 | ES-SlBCS | ||
| 005 | 20210601155327.0 | ||
| 008 | 140520s1961 xxu||||| |||| 00| 0 fre d | ||
| 041 | _afre | ||
| 100 | 1 |
_aSamaran, Charles _9380065 |
|
| 245 | 1 | 0 |
_aL'Histoire et ses méthodes _cCharles Samaran |
| 260 |
_aParis : _bGallimard _c, 1961 |
||
| 300 |
_a1771 p.; _c17 cm |
||
| 490 | 0 |
_aEncyclopédie de la Pléiade _v11 |
|
| 650 | 0 | 4 |
_aHistoria-Métodos _9380066 |
| 942 | _cBK | ||
| 999 |
_c816943 _d816943 |
||